Integrovaný systém včasnej intervencie na Slovensku

Bibliographic Details
Main Author: Tichá, Erika (Author)
Format: Article
Language:Slovak
PhysicalDescription:Obrázky, tabuľky
ISSN:1337-8899
Subjects:

MARC

LEADER 00000nab a2200000 r4500
001 vtls012024554
003 SK-MaSNL
005 20260304174902.0
008 210422c2020 xo |r|p||| |000 b|slo
015 |a SNBRB2020/04 
038 |a SPK 
040 |a SPKCL  |b slo  |c rda  |e AACR2 
041 0 |a slo 
044 |a xo  |c SK 
072 7 |a 364-1/-7  |x Druhy sociálnej pomoci a služieb  |2 konspekt 
080 |a 364-3  |2 2011 
100 1 |a Tichá, Erika  |4 aut  |9 347745 
245 1 0 |a Integrovaný systém včasnej intervencie na Slovensku  |c Erika Tichá 
300 |b Obrázky, tabuľky 
336 |a text  |b txt  |2 rdacontent 
337 |a bez média  |b n  |2 rdamedia 
338 |a zväzok  |b nc  |2 rdacarrier 
504 |a Obsahuje bibliografiu 
650 0 7 |a včasná intervencia  |2 SNKPH  |9 50544 
650 0 7 |a sociálna starostlivosť  |2 SNKPH  |9 3737 
773 0 |t Integrácia  |g Roč. 31, č. 3-4 (2020), s. 53-[60]  |x 1337-8899 
852 |a SPK  |b KIS3GCP 
958 |a NB  |2 spk 
999 |c 3010849  |d 3012779